Central Library OPAC University of Rajshahi

A study of some aspects of footwear Industry of Bangladesh. / (Record no. 35707)

MARC details
000 -LEADER
fixed length control field 00774nam a2200229 a 4500
001 - CONTROL NUMBER
control field 35707
003 - CONTROL NUMBER IDENTIFIER
rucl marc code BD-RjUL
005 - DATE AND TIME OF LATEST TRANSACTION
control field 20211209052351.0
008 - FIXED-LENGTH DATA ELEMENTS--GENERAL INFORMATION
fixed length control field 140529s1983 bg a|||| ||o| 00| 0 eng d
035 ## - SYSTEM CONTROL NUMBER
System control number (BD-RjUL)35802
040 ## - CATALOGING SOURCE
Original cataloging agency BD-RjUL
Language of cataloging eng
Transcribing agency BD-RjUL
041 ## - LANGUAGE CODE
Language code of text/sound track or separate title eng
082 ## - DEWEY DECIMAL CLASSIFICATION NUMBER
Classification number DOC 391.413095492
Author mark and year NAS 1983
100 ## - MAIN ENTRY--PERSONAL NAME
Personal name Nag, Amal Bhusan
9 (RLIN) 108736
245 ## - TITLE STATEMENT
Title A study of some aspects of footwear Industry of Bangladesh. /
Statement of responsibility, etc. Amal Bhusan Nag.
260 ## - PUBLICATION, DISTRIBUTION, ETC. (IMPRINT)
Place of publication, distribution, etc. Dhaka:
Name of publisher, distributor, etc. University Grants Commission, Bangladesh
Date of publication, distribution, etc. 1983
300 ## - PHYSICAL DESCRIPTION
Pagination Various Leaves :
Illustrations Ill. ;
Size 32 cm.
500 ## - GENERAL NOTE
General note "Sponsored by: University Grants Commission, Bangladesh, "
504 ## - BIBLIOGRAPHY, ETC. NOTE
Bibliography, etc Includes bibliography
650 ## - SUBJECT ADDED ENTRY--TOPICAL TERM
Topical term or geographic name as entry element Footwear Industry
Form subdivision Management
Geographic subdivision Bangladesh.
9 (RLIN) 108794
942 ## - ADDED ENTRY ELEMENTS (KOHA)
Source of classification or shelving scheme Dewey Decimal Classification
Koha item type Documents
Holdings
Lost status Source of classification or shelving scheme Damaged status Not for loan Collection code Permanent Location Current Location Shelving location Date acquired Source of acquisition Cost, normal purchase price Total Checkouts Full call number Date last seen Copy number Koha item type
  Dewey Decimal Classification   Not For Loan Non-fiction Central Library, University of Rajshahi Central Library, University of Rajshahi Documentation Section 10/09/1989 UGC, Bangladesh, Dhaka 0.00   DOC 391.412095492 NAS 1983 29/05/2014 C-1 Documents